000 00604nam a2200241Ia 4500
003 OSt
005 20220918111518.0
006 a|||||r|||| 00| 0
007 cj aa aaaaa
008 220917b |||||||| |||| 00| 0 eng d
024 _a61893
037 _cDigitized Books
040 _aARTS
_cARTS
_beng
041 _2eng
_aeng
082 _a"Q10Y1, G5"
100 _aGhoshal U N
_910590
245 0 _aHistory of Hindu public life
260 _c1935
300 _ap.
_ccm.
650 _aRELIGION
942 _h"Q10Y1, G5"
_cEBOOK
_2CC
999 _c116651
_d116651